Statistics for Languages : Capitals from Swedish to English

Click here to take the quiz!

General Stats

  • This quiz has been taken 117 times
  • The average score is 8 of 8

Answer Stats

Capital in swedish...And in english% Correct
KairoCairo
99%
KöpenhamnCopenhagen
99%
MoskvaMoscow
99%
WarszawaWarsaw
99%
HelsingforsHelsinki
98%
LissabonLisbon
98%
WienVienna
93%
AtenAthens
90%

Score Distribution

Percentile by Number Answered

Percent of People with Each Score

Your Score History

You have not taken this quiz